Problems of People Living with HIV/AIDS/ (Record no. 211783)

MARC details
000 -LEADER
fixed length control field 00602nam a22001937a 4500
005 - DATE AND TIME OF LATEST TRANSACTION
control field 20250613105622.0
010 ## - LCCN (DPL NO)
LC control number ENG-145347
020 ## - INTERNATIONAL STANDARD BOOK NUMBER
International Standard Book Number 9789359807799
Terms of availability 500.00
035 ## - SYSTEM CONTROL NUMBER
System control number EN-128879
037 ## - SOURCE OF ACQUISITION
Source of stock number/acquisition DBAD
082 ## - DEWEY DECIMAL CLASSIFICATION NUMBER
Classification number 362.1969792
100 ## - MAIN ENTRY--PERSONAL NAME
Personal name Yugandhar, Talari
245 ## - TITLE STATEMENT
Title Problems of People Living with HIV/AIDS/
Remainder of title Talari Yugandhar
250 ## - EDITION STATEMENT
Edition statement 1
260 ## - PUBLICATION, DISTRIBUTION, ETC. (IMPRINT)
Name of publisher, distributor, etc Self Published
Date of publication, distribution, etc 2023
Place of publication, distribution, etc Jharkhand
270 ## - ADDRESS
Address Village & Post - Dhouni, PS- Saraiyahat, District- Dumka,
City Jharkhand
Postal code 814151
300 ## - PHYSICAL DESCRIPTION
Extent 252,xxiiip.
Dimensions 19cm(pb)
942 ## - ADDED ENTRY ELEMENTS (KOHA)
Source of classification or shelving scheme Dewey Decimal Classification
Item type English Books
Classification part 362.1969792
Call number suffix YUG
Holdings
Withdrawn status Lost status Not for loan Collection code Home library Current library Date acquired Source of acquisition Cost, normal purchase price Full call number Barcode Copy number Cost, replacement price Koha item type
      Non-fiction RC3 Shakur Pur RC3 Shakur Pur 13/06/2025 Delivery of Books Act Division 500.00 362.1969792 YUG EN-128879 1 500.00 English Books

© Delhi Public Library
Hit Counter
free hit counter